000 00783pam a2200253 a 4500
001 1143793
005 20180122043855.0
008 950727s1996 maua bf 001 0 eng c
010 _a 95024885
020 _a0316037958
020 _a0316035319
040 _aDNLM/DLC
_cDLC
_dDLC
041 _aeng
060 1 0 _aWG 39 A456ma 1996
080 _a616.1 ALP
082 0 0 _a616.1 ALP
_220
100 1 _a7
101 _aKARD
245 1 0 _aManual of cardiovascular diagnosis and therapy /
_cJoseph S. Alpert, James M. Rippe.
504 _aIncludes bibliographical references and index.
906 _a7
_bcbc
_corignew
_d1
_eocip
_f19
_gy-gencatlg
942 _2ddc
_cBK
999 _c40648
_d40648